[Event "PervenstvoRT2015"]
[Site "?"]
[Date "2015.08.21"]
[Round "2.4"]
[White "Roman, Pirmamedov"]
[Black "Bulat, Nizamov"]
[Result "0-1"]
[LiveChessVersion "1.4.6"]
[BlackElo "2117"]
[WhiteElo "1848"]

1. e4 {[%clk 1:29:33]} c5 {[%clk 1:30:54]} 2. Nc3 {[%clk 1:29:33]} e6
{[%clk 1:31:18]} 3. g3 {[%clk 1:29:53]} d5 {[%clk 1:31:21]} 4. d3
{[%clk 1:29:48]} Nc6 {[%clk 1:30:27]} 5. Bg2 {[%clk 1:29:40]} d4 {[%clk 1:28:08]}
6. Nce2 {[%clk 1:29:43]} e5 {[%clk 1:28:20]} 7. f4 {[%clk 1:29:57]} h5
{[%clk 1:26:03]} 8. Nf3 {[%clk 1:28:44]} Bd6 {[%clk 1:12:23]} 9. f5
{[%clk 1:23:09]} Bd7 {[%clk 1:06:08]} 10. c4 {[%clk 1:21:04]} Be7
{[%clk 0:59:22]} 11. Bd2 {[%clk 0:48:42]} h4 {[%clk 0:50:34]} 12. gxh4
{[%clk 0:45:02]} Nf6 {[%clk 0:45:57]} 13. a3 {[%clk 0:42:18]} Ng4
{[%clk 0:44:44]} 14. Ng3 {[%clk 0:39:49]} Bxh4 {[%clk 0:44:09]} 15. O-O
{[%clk 0:35:10]} Qe7 {[%clk 0:36:27]} 16. Nxd4 {[%clk 0:27:43]} Nxd4
{[%clk 0:32:08]} 17. Qxg4 {[%clk 0:27:55]} Nb3 {[%clk 0:31:37]} 18. Rad1
{[%clk 0:27:15]} Nxd2 {[%clk 0:31:46]} 19. Rxd2 {[%clk 0:27:34]} Bg5
{[%clk 0:31:46]} 20. Re2 {[%clk 0:25:14]} O-O-O {[%clk 0:28:50]} 21. b4
{[%clk 0:22:26]} Rh4 {[%clk 0:26:59]} 22. Qf3 {[%clk 0:22:50]} Rdh8
{[%clk 0:26:37]} 23. Rb2 {[%clk 0:21:16]} Rxh2 {[%clk 0:25:54]} 24. f6
{[%clk 0:20:43]} gxf6 {[%clk 0:24:30]} 25. Nf5 {[%clk 0:20:57]} Bxf5
{[%clk 0:24:09]} 26. exf5 {[%clk 0:21:10]} e4 {[%clk 0:20:38]} 27. Qf2
{[%clk 0:13:09]} Qe5 {[%clk 0:18:32]} 28. bxc5 {[%clk 0:12:08]} Be3
{[%clk 0:17:15]} 29. Qxe3 {[%clk 0:12:26]} Qxb2 {[%clk 0:17:40]} 30. Qf2
{[%clk 0:11:28]} Qxf2+ {[%clk 0:16:59]} 31. Rxf2 {[%clk 0:11:45]} exd3
{[%clk 0:16:45]} 32. Rb2 {[%clk 0:12:03]} b6 {[%clk 0:15:57]} 33. cxb6
{[%clk 0:11:59]} axb6 {[%clk 0:16:21]} 34. Rxb6 {[%clk 0:12:16]} d2
{[%clk 0:15:50]} 35. Rb1 {[%clk 0:12:40]} R2h4 {[%clk 0:14:40]} 36. c5
{[%clk 0:11:37]} Rd8 {[%clk 0:13:42]} 37. Rd1 {[%clk 0:11:35]} Rc4
{[%clk 0:13:35]} 38. c6 {[%clk 0:11:50]} Rc1 {[%clk 0:12:50]} 39. Bf3
{[%clk 0:12:00]} Rd3 {[%clk 0:12:44]} 40. Be2 {[%clk 0:12:23]} Rxd1+
{[%clk 0:12:29]} 41. Bxd1 {[%clk 0:12:47]} Re3 {[%clk 0:12:45]} 42. a4
{[%clk 0:12:54]} Re1+ {[%clk 0:13:08]} 43. Kf2 {[%clk 0:13:22]} Rxd1
{[%clk 0:13:31]} 44. Ke2 {[%clk 0:13:48]} Ra1 {[%clk 0:13:53]} 45. Kxd2
{[%clk 0:14:13]} Rxa4 {[%clk 0:14:01]} 0-1

[Event "PervenstvoRT2015"]
[Site "?"]
[Date "2015.08.21"]
[Round "2.5"]
[White "Ilya, Krasov"]
[Black "Anastasia, Kozina"]
[Result "0-1"]
[LiveChessVersion "1.4.6"]
[BlackElo "2105"]
[WhiteElo "1798"]

1. d4 {[%clk 1:30:58]} e6 {[%clk 1:30:54]} 2. c4 {[%clk 1:31:25]} Nf6
{[%clk 1:31:16]} 3. g3 {[%clk 1:31:52]} d5 {[%clk 1:28:39]} 4. Nf3
{[%clk 1:32:12]} Be7 {[%clk 1:29:02]} 5. Bg2 {[%clk 1:32:37]} O-O
{[%clk 1:29:26]} 6. O-O {[%clk 1:33:01]} dxc4 {[%clk 1:29:53]} 7. Qc2
{[%clk 1:33:00]} a6 {[%clk 1:30:16]} 8. Qxc4 {[%clk 1:33:25]} b5 {[%clk 1:30:40]}
9. Qc2 {[%clk 1:33:51]} Bb7 {[%clk 1:31:03]} 10. Bd2 {[%clk 1:34:17]} c5
{[%clk 1:26:00]} 11. dxc5 {[%clk 1:32:39]} Nbd7 {[%clk 1:26:22]} 12. b4
{[%clk 1:23:09]} a5 {[%clk 1:26:41]} 13. Na3 {[%clk 1:03:21]} axb4
{[%clk 1:24:06]} 14. Nxb5 {[%clk 1:02:09]} Bxc5 {[%clk 1:24:19]} 15. Nbd4
{[%clk 0:59:11]} Ra3 {[%clk 1:16:20]} 16. Nb3 {[%clk 0:57:05]} Be7
{[%clk 1:16:42]} 17. Rfd1 {[%clk 0:47:13]} Qa8 {[%clk 1:10:21]} 18. Bc1
{[%clk 0:31:30]} Be4 {[%clk 1:04:37]} 19. Qb2 {[%clk 0:28:36]} Bd5
{[%clk 0:49:48]} 20. Be3 {[%clk 0:22:59]} Qa4 {[%clk 0:44:52]} 21. Ne5
{[%clk 0:16:32]} Nxe5 {[%clk 0:38:27]} 22. Qxe5 {[%clk 0:12:57]} Ng4
{[%clk 0:37:56]} 23. Qd4 {[%clk 0:06:51]} Nxe3 {[%clk 0:38:15]} 24. Qxe3
{[%clk 0:07:15]} Bxb3 {[%clk 0:31:34]} 25. axb3 {[%clk 0:05:46]} Rxa1
{[%clk 0:31:57]} 26. bxa4 {[%clk 0:05:50]} Rxd1+ {[%clk 0:32:23]} 27. Bf1
{[%clk 0:06:15]} Ra1 {[%clk 0:32:40]} 28. Qd4 {[%clk 0:04:14]} Ra3
{[%clk 0:27:33]} 29. e3 {[%clk 0:03:17]} Rd8 {[%clk 0:26:33]} 30. Qa7
{[%clk 0:02:12]} Bf8 {[%clk 0:25:17]} 31. a5 {[%clk 0:01:40]} Rd1
{[%clk 0:24:30]} 32. Kg2 {[%clk 0:01:27]} b3 {[%clk 0:24:01]} 33. Qb6
{[%clk 0:01:33]} Rd2 {[%clk 0:24:08]} 34. a6 {[%clk 0:01:00]} b2 {[%clk 0:24:20]}
35. Bc4 {[%clk 0:00:36]} Ra1 {[%clk 0:23:03]} 36. Bd3 {[%clk 0:00:43]} Rxd3
{[%clk 0:23:06]} 37. Qxb2 {[%clk 0:01:09]} Rxa6 {[%clk 0:23:29]} 38. h4
{[%clk 0:01:03]} Rda3 {[%clk 0:23:16]} 39. h5 {[%clk 0:00:57]} h6
{[%clk 0:23:37]} 40. g4 {[%clk 0:00:48]} Ra2 {[%clk 0:23:52]} 41. Qe5
{[%clk 0:00:47]} Rd2 {[%clk 0:23:58]} 42. e4 {[%clk 0:00:38]} Raa2
{[%clk 0:24:17]} 43. Qc3 {[%clk 0:00:37]} Rxf2+ {[%clk 0:24:31]} 44. Kg3
{[%clk 0:00:00]} 0-1

[Event "PervenstvoRT2015"]
[Site "?"]
[Date "2015.08.21"]
[Round "2.6"]
[White "Adelya, Tukaeva"]
[Black "Imanuil, Peisakhov"]
[Result "1/2-1/2"]
[LiveChessVersion "1.4.6"]
[BlackElo "1897"]
[WhiteElo "2016"]

1. e4 {[%clk 1:30:57]} e5 {[%clk 1:30:57]} 2. Nf3 {[%clk 1:31:22]} Nf6
{[%clk 1:31:22]} 3. Nc3 {[%clk 1:31:10]} Nc6 {[%clk 1:31:02]} 4. d4
{[%clk 1:31:32]} exd4 {[%clk 1:30:35]} 5. Nxd4 {[%clk 1:31:43]} Bc5
{[%clk 1:22:30]} 6. Nf5 {[%clk 1:12:08]} O-O {[%clk 1:18:48]} 7. Bg5
{[%clk 1:05:26]} Re8 {[%clk 1:15:36]} 8. Qf3 {[%clk 0:29:31]} Nd4
{[%clk 0:41:45]} 9. Nxd4 {[%clk 0:27:30]} Bxd4 {[%clk 0:41:56]} 10. O-O-O
{[%clk 0:13:39]} Bxc3 11. bxc3 {[%clk 0:13:59]} Qe7 {[%clk 0:38:04]} 12. Bxf6
{[%clk 0:11:42]} Qxf6 {[%clk 0:33:54]} 13. Qxf6 {[%clk 0:11:57]} gxf6
{[%clk 0:34:23]} 14. f3 {[%clk 0:11:12]} d6 {[%clk 0:34:27]} 15. Bc4
{[%clk 0:11:16]} Be6 {[%clk 0:33:32]} 16. Bd5 {[%clk 0:09:47]} Bxd5
{[%clk 0:33:19]} 17. Rxd5 {[%clk 0:10:10]} Re5 {[%clk 0:33:23]} 18. c4
{[%clk 0:10:00]} Kg7 {[%clk 0:33:01]} 19. Rhd1 {[%clk 0:09:34]} Rae8
{[%clk 0:32:15]} 20. c5 {[%clk 0:06:17]} dxc5 {[%clk 0:30:51]} 21. Rxe5
{[%clk 0:06:41]} fxe5 {[%clk 0:31:08]} 22. Rd7 {[%clk 0:07:04]} Rc8
{[%clk 0:30:47]} 23. Rd5 {[%clk 0:07:26]} Kf6 {[%clk 0:30:45]} 24. Rxc5
{[%clk 0:07:32]} c6 {[%clk 0:31:00]} 25. Ra5 {[%clk 0:05:10]} a6 {[%clk 0:31:07]}
26. Kd2 {[%clk 0:04:44]} Ra8 {[%clk 0:29:05]} 27. Ra3 {[%clk 0:04:14]} Ke6
{[%clk 0:29:06]} 28. Rd3 {[%clk 0:03:41]} c5 {[%clk 0:28:42]} 29. Rd5
{[%clk 0:02:37]} Rc8 {[%clk 0:29:11]} 30. g3 {[%clk 0:02:48]} b5 {[%clk 0:28:25]}
31. Kc3 {[%clk 0:01:15]} f6 {[%clk 0:26:33]} 32. Kb3 {[%clk 0:01:25]} f5
{[%clk 0:22:42]} 33. c4 {[%clk 0:00:43]} fxe4 {[%clk 0:22:00]} 34. fxe4
{[%clk 0:01:04]} b4 {[%clk 0:17:50]} 35. Ka4 {[%clk 0:01:08]} h5 {[%clk 0:17:03]}
36. Ka5 {[%clk 0:00:51]} Rb8 {[%clk 0:16:42]} 37. Rxc5 {[%clk 0:00:49]} b3
{[%clk 0:17:04]} 38. axb3 {[%clk 0:01:10]} Rxb3 {[%clk 0:17:33]} 39. Kxa6
{[%clk 0:00:59]} Re3 {[%clk 0:17:27]} 40. Rc6+ {[%clk 0:00:53]} Kd7
{[%clk 0:17:36]} 41. Rh6 {[%clk 0:01:00]} Rxe4 {[%clk 0:17:19]} 42. Rxh5
{[%clk 0:00:49]} Rxc4 {[%clk 0:17:29]} 43. Rxe5 {[%clk 0:01:13]} Kd6
{[%clk 0:17:38]} 44. Re3 {[%clk 0:00:45]} Kc6 {[%clk 0:17:23]} 45. Ka5
{[%clk 0:00:48]} Kc5 {[%clk 0:17:43]} 46. h3 {[%clk 0:00:40]} Rc2
{[%clk 0:16:42]} 47. Ka4 {[%clk 0:01:03]} Kd4 {[%clk 0:16:53]} 48. Re8
{[%clk 0:00:38]} Rc3 {[%clk 0:17:11]} 49. Rg8 {[%clk 0:00:54]} Ke5
{[%clk 0:17:04]} 50. Kb4 {[%clk 0:01:14]} Rc1 {[%clk 0:17:12]} 51. h4
{[%clk 0:01:09]} Kf6 {[%clk 0:17:05]} 52. h5 {[%clk 0:01:16]} Kf7
{[%clk 0:16:53]} 53. Rg4 {[%clk 0:00:51]} Rh1 {[%clk 0:16:06]} 54. Rg5
{[%clk 0:00:59]} Rc1 {[%clk 0:11:53]} 55. Rg6 {[%clk 0:00:53]} Rc2
{[%clk 0:10:51]} 56. g4 {[%clk 0:01:14]} Rc1 {[%clk 0:11:08]} 57. g5
{[%clk 0:01:03]} Rh1 {[%clk 0:11:17]} 58. Rf6+ {[%clk 0:01:27]} Kg7
{[%clk 0:10:20]} 59. h6+ {[%clk 0:01:51]} Kh7 {[%clk 0:10:20]} 60. Kc5
{[%clk 0:01:50]} Rh5 {[%clk 0:09:17]} 61. Rf7+ {[%clk 0:01:01]} Kh8
{[%clk 0:09:34]} 62. Rf5 {[%clk 0:01:23]} Kh7 {[%clk 0:09:13]} 63. Kd6
{[%clk 0:01:18]} Kg6 {[%clk 0:08:14]} 64. Ke6 {[%clk 0:01:34]} Rh1
{[%clk 0:08:25]} 65. Re5 {[%clk 0:01:31]} Rf1 {[%clk 0:08:10]} 66. Ke7
{[%clk 0:01:31]} Rf7+ {[%clk 0:08:15]} 67. Ke8 {[%clk 0:01:37]} Rh7 68. Kf8
{[%clk 0:01:33]} Rh8+ {[%clk 0:08:12]} 69. Ke7 {[%clk 0:01:50]} Rh7+
{[%clk 0:08:22]} 70. Ke8 {[%clk 0:00:59]} Rh8+ {[%clk 0:07:21]} 71. Kd7
{[%clk 0:01:15]} Ra8 {[%clk 0:07:45]} 72. Ke6 {[%clk 0:01:10]} Ra6+
{[%clk 0:07:59]} 73. Kd5 {[%clk 0:01:31]} Ra5+ {[%clk 0:07:56]} 74. Ke4
{[%clk 0:01:56]} Ra4+ {[%clk 0:08:02]} 75. Kf3 {[%clk 0:02:18]} Ra3+
{[%clk 0:08:15]} 76. Kf4 {[%clk 0:02:36]} Ra4+ {[%clk 0:06:31]} 77. Re4
{[%clk 0:02:57]} Ra6 {[%clk 0:06:47]} 78. Rd4 {[%clk 0:01:02]} Rb6
{[%clk 0:06:44]} 79. Re4 {[%clk 0:00:38]} Ra6 {[%clk 0:07:13]} 80. Rb4
{[%clk 0:00:43]} Rc6 {[%clk 0:07:36]} 81. Rd4 {[%clk 0:00:38]} Ra6
{[%clk 0:08:02]} 82. Rd7 {[%clk 0:00:39]} Ra4+ {[%clk 0:07:58]} 83. Ke5
{[%clk 0:00:54]} Kxg5 {[%clk 0:06:50]} 84. h7 {[%clk 0:01:17]} Ra8
{[%clk 0:06:31]} 85. Rg7+ {[%clk 0:00:37]} Kh6 {[%clk 0:06:43]} 86. Rg8
{[%clk 0:01:01]} Ra5+ {[%clk 0:06:59]} 87. Ke4 1/2-1/2

[Event "PervenstvoRT2015"]
[Site "?"]
[Date "2015.08.21"]
[Round "2.7"]
[White "Ilnar, Valiev"]
[Black "Ainur, Garafutdinov"]
[Result "0-1"]
[LiveChessVersion "1.4.6"]
[BlackElo "1946"]
[WhiteElo "1620"]

1. Nf3 {[%clk 1:30:57]} f5 {[%clk 1:30:56]} 2. g3 {[%clk 1:31:12]} Nf6
{[%clk 1:31:21]} 3. Bg2 {[%clk 1:31:34]} d6 {[%clk 1:31:48]} 4. O-O
{[%clk 1:31:51]} e5 {[%clk 1:31:52]} 5. d3 {[%clk 1:32:15]} g6 {[%clk 1:32:13]}
6. Nc3 {[%clk 1:32:14]} Bg7 {[%clk 1:32:24]} 7. Bg5 {[%clk 1:32:08]} h6
{[%clk 1:32:02]} 8. Bxf6 {[%clk 1:32:13]} Qxf6 {[%clk 1:30:23]} 9. Nb5
{[%clk 1:31:16]} Na6 {[%clk 1:30:02]} 10. c3 {[%clk 1:29:01]} c6 {[%clk 1:14:48]}
11. Na3 {[%clk 1:29:03]} O-O {[%clk 1:10:38]} 12. Qc2 {[%clk 1:25:07]} g5
{[%clk 1:01:58]} 13. e4 {[%clk 1:19:59]} f4 {[%clk 0:57:32]} 14. Nd2
{[%clk 1:14:13]} Qg6 {[%clk 0:44:44]} 15. d4 {[%clk 1:10:39]} g4 {[%clk 0:42:04]}
16. dxe5 {[%clk 1:05:55]} f3 {[%clk 0:42:06]} 17. Bh1 {[%clk 1:06:18]} dxe5
{[%clk 0:41:51]} 18. b4 {[%clk 1:05:19]} Be6 {[%clk 0:40:19]} 19. Ndc4
{[%clk 1:05:04]} Rad8 {[%clk 0:32:07]} 20. Rfd1 {[%clk 1:05:07]} Qf7
{[%clk 0:32:18]} 21. Ne3 {[%clk 1:03:20]} Qe7 {[%clk 0:27:28]} 22. Nac4
{[%clk 0:58:09]} h5 {[%clk 0:26:19]} 23. Rxd8 {[%clk 0:58:01]} Rxd8
{[%clk 0:26:16]} 24. Rd1 {[%clk 0:57:53]} Nc7 {[%clk 0:25:17]} 25. Nf5
{[%clk 0:55:13]} Rxd1+ {[%clk 0:24:22]} 26. Qxd1 {[%clk 0:55:34]} Bxf5
{[%clk 0:24:18]} 27. exf5 {[%clk 0:55:47]} Nd5 {[%clk 0:24:33]} 28. Qd2
{[%clk 0:54:31]} e4 {[%clk 0:24:19]} 29. Ne3 {[%clk 0:53:23]} Nxc3
{[%clk 0:15:34]} 30. Qc2 {[%clk 0:51:51]} Qxb4 {[%clk 0:15:27]} 31. Qd1 0-1

[Event "PervenstvoRT2015"]
[Site "?"]
[Date "2015.08.21"]
[Round "2.8"]
[White "Albert, Suleimanov"]
[Black "Kirill, Akifiev"]
[Result "1-0"]
[LiveChessVersion "1.4.6"]
[BlackElo "1823"]
[WhiteElo "1930"]

1. d4 {[%clk 1:30:59]} d5 {[%clk 1:30:45]} 2. c4 {[%clk 1:31:24]} c6
{[%clk 1:31:11]} 3. Nc3 {[%clk 1:31:38]} Nf6 {[%clk 1:31:36]} 4. e3
{[%clk 1:32:01]} e6 {[%clk 1:31:05]} 5. Bd3 {[%clk 1:32:18]} Nbd7
{[%clk 1:31:20]} 6. Nf3 Bd6 {[%clk 1:26:29]} 7. e4 {[%clk 1:32:21]} dxe4
{[%clk 1:26:23]} 8. Nxe4 {[%clk 1:32:41]} Nxe4 {[%clk 1:26:00]} 9. Bxe4
{[%clk 1:33:05]} Nf6 {[%clk 1:25:45]} 10. Bc2 {[%clk 1:33:29]} O-O
{[%clk 1:25:53]} 11. O-O {[%clk 1:33:53]} b6 {[%clk 1:25:19]} 12. Qd3
{[%clk 1:31:28]} Bb7 {[%clk 1:06:56]} 13. Bg5 {[%clk 1:29:24]} g6
{[%clk 1:04:45]} 14. Rad1 {[%clk 1:27:43]} Re8 {[%clk 1:01:36]} 15. Ne5
{[%clk 1:18:31]} Bxe5 {[%clk 0:52:54]} 16. dxe5 {[%clk 1:18:55]} Qxd3
{[%clk 0:53:19]} 17. Rxd3 {[%clk 1:18:58]} Ng4 {[%clk 0:44:53]} 18. f4
{[%clk 1:14:40]} Kg7 {[%clk 0:40:43]} 19. h3 {[%clk 1:11:52]} Nh6
{[%clk 0:41:09]} 20. Rd7 {[%clk 1:04:53]} Ba6 {[%clk 0:41:25]} 21. b3
{[%clk 1:04:49]} Nf5 {[%clk 0:40:35]} 22. Rf3 {[%clk 1:03:50]} Bc8
{[%clk 0:39:38]} 23. Bf6+ {[%clk 0:59:18]} Kf8 {[%clk 0:39:19]} 24. Rc7
{[%clk 0:57:43]} Nd4 {[%clk 0:39:13]} 25. Rf2 {[%clk 0:58:03]} Nxc2
{[%clk 0:34:25]} 26. Rxc2 {[%clk 0:58:27]} c5 {[%clk 0:34:52]} 27. Rd2
{[%clk 0:57:58]} Kg8 {[%clk 0:33:51]} 28. Rd6 {[%clk 0:56:10]} h6
{[%clk 0:33:45]} 29. Kf2 {[%clk 0:54:35]} Kf8 {[%clk 0:33:59]} 30. Ke3
{[%clk 0:54:33]} Kg8 {[%clk 0:34:20]} 31. Kd3 {[%clk 0:54:01]} Kf8
{[%clk 0:34:01]} 32. Kc3 {[%clk 0:53:51]} g5 {[%clk 0:33:17]} 33. fxg5
{[%clk 0:54:03]} hxg5 {[%clk 0:33:44]} 34. Bxg5 {[%clk 0:53:51]} Kg7
{[%clk 0:34:11]} 35. g4 {[%clk 0:53:25]} Rb8 {[%clk 0:32:36]} 36. Rxa7
{[%clk 0:53:18]} b5 {[%clk 0:32:45]} 37. cxb5 {[%clk 0:52:32]} Rxb5
{[%clk 0:33:09]} 38. Rc6 {[%clk 0:50:30]} Kg6 {[%clk 0:31:58]} 39. Bf6
{[%clk 0:50:48]} Bb7 {[%clk 0:31:40]} 40. Rc7 {[%clk 0:51:06]} Rb8
{[%clk 0:32:04]} 41. h4 {[%clk 0:51:03]} Rb4 {[%clk 0:32:23]} 42. h5+
{[%clk 0:51:13]} Kh6 {[%clk 0:32:44]} 43. Rxf7 1-0

[Event "PervenstvoRT2015"]
[Site "?"]
[Date "2015.08.21"]
[Round "2.10"]
[White "Mikhail, Galiullin"]
[Black "Ildar, Faizrakhmanov"]
[Result "1-0"]
[LiveChessVersion "1.4.6"]
[BlackElo "1927"]
[WhiteElo "2110"]

1. e4 {[%clk 1:30:55]} c5 {[%clk 1:30:54]} 2. Nf3 {[%clk 1:31:14]} d6
{[%clk 1:31:15]} 3. d4 {[%clk 1:31:36]} cxd4 {[%clk 1:31:40]} 4. Nxd4
{[%clk 1:32:00]} Nf6 {[%clk 1:32:06]} 5. Nc3 {[%clk 1:32:18]} a6 {[%clk 1:32:30]}
6. f4 {[%clk 1:20:56]} g6 {[%clk 1:28:17]} 7. Be3 {[%clk 1:19:23]} Ng4
{[%clk 1:22:12]} 8. Bg1 {[%clk 1:07:41]} Bh6 {[%clk 1:16:20]} 9. Be2
{[%clk 1:06:13]} Nf6 {[%clk 1:16:29]} 10. Be3 {[%clk 0:53:56]} O-O
{[%clk 0:50:38]} 11. O-O {[%clk 0:52:33]} e5 {[%clk 0:49:27]} 12. Nb3
{[%clk 0:52:43]} Be6 {[%clk 0:38:27]} 13. Qd2 {[%clk 0:52:14]} Qe7
{[%clk 0:24:37]} 14. Rad1 {[%clk 0:49:34]} Bxb3 {[%clk 0:18:34]} 15. axb3
{[%clk 0:49:22]} Rd8 {[%clk 0:18:23]} 16. fxe5 {[%clk 0:48:53]} Bxe3+
{[%clk 0:18:47]} 17. Qxe3 {[%clk 0:49:20]} Qxe5 {[%clk 0:18:36]} 18. Bc4
{[%clk 0:47:42]} Ng4 {[%clk 0:14:07]} 19. Bxf7+ {[%clk 0:44:37]} Kg7
{[%clk 0:12:27]} 20. Qf4 {[%clk 0:43:31]} Qxf4 {[%clk 0:10:35]} 21. Rxf4
{[%clk 0:43:49]} Ne3 {[%clk 0:10:33]} 22. Rd2 {[%clk 0:43:53]} Rf8
{[%clk 0:10:35]} 23. Rf3 {[%clk 0:41:00]} Nxg2 {[%clk 0:06:03]} 24. Kxg2
{[%clk 0:40:55]} Rxf7 {[%clk 0:06:29]} 25. Rxd6 {[%clk 0:40:36]} Rc7
{[%clk 0:06:02]} 26. Rd8 {[%clk 0:39:52]} Rf7 {[%clk 0:04:58]} 27. Nd5
{[%clk 0:39:59]} b5 {[%clk 0:03:50]} 28. Nb6 {[%clk 0:39:22]} Raa7
{[%clk 0:03:52]} 29. Rxb8 {[%clk 0:39:25]} Rfe7 {[%clk 0:04:14]} 30. Nc8
{[%clk 0:39:04]} Reb7 {[%clk 0:04:39]} 31. Rxb7+ {[%clk 0:39:24]} Rxb7
{[%clk 0:04:58]} 32. Nd6 {[%clk 0:39:47]} Rd7 {[%clk 0:05:19]} 33. Ne8+
{[%clk 0:40:06]} Kh6 {[%clk 0:05:38]} 34. Nf6 {[%clk 0:40:14]} Rd8
{[%clk 0:05:40]} 35. e5 {[%clk 0:40:37]} Kg7 {[%clk 0:06:03]} 36. e6
{[%clk 0:40:38]} Rd2+ {[%clk 0:06:07]} 37. Kf1 {[%clk 0:40:57]} 1-0

[Event "PervenstvoRT2015"]
[Site "?"]
[Date "2015.08.22"]
[Round "3.3"]
[White "Mikhail, Semenov"]
[Black "Ilya, Panfilov"]
[Result "1/2-1/2"]
[LiveChessVersion "1.4.6"]
[BlackElo "1952"]
[WhiteElo "1545"]

1. e4 {[%clk 1:30:56]} c5 {[%clk 1:30:32]} 2. Nf3 {[%clk 1:31:21]} e6
{[%clk 1:30:37]} 3. d4 {[%clk 1:31:36]} cxd4 {[%clk 1:30:52]} 4. Nxd4
{[%clk 1:32:00]} Nf6 {[%clk 1:31:10]} 5. Nc3 {[%clk 1:32:18]} Nc6
{[%clk 1:28:10]} 6. Ndb5 {[%clk 1:30:46]} d6 {[%clk 1:27:13]} 7. Bf4
{[%clk 1:28:18]} e5 {[%clk 1:24:45]} 8. Bg5 {[%clk 1:28:08]} a6 {[%clk 1:24:27]}
9. Na3 {[%clk 1:26:39]} Be7 {[%clk 1:20:06]} 10. Bxf6 {[%clk 1:25:05]} gxf6
{[%clk 1:14:43]} 11. Bd3 {[%clk 1:23:52]} Be6 {[%clk 1:14:30]} 12. Nc4
{[%clk 1:21:50]} Nb4 {[%clk 1:04:13]} 13. Ne3 {[%clk 1:18:07]} Qa5
{[%clk 0:58:24]} 14. a3 {[%clk 1:15:14]} Na2 {[%clk 0:56:41]} 15. Qd2
{[%clk 1:04:23]} Nxc3 {[%clk 0:55:49]} 16. Qxc3 {[%clk 1:04:44]} Qxc3+
{[%clk 0:53:40]} 17. bxc3 {[%clk 1:05:04]} Bd8 {[%clk 0:50:27]} 18. Rb1
{[%clk 0:59:08]} b5 {[%clk 0:46:12]} 19. c4 {[%clk 0:57:01]} O-O {[%clk 0:40:13]}
20. O-O {[%clk 0:53:57]} bxc4 {[%clk 0:37:51]} 21. Bxc4 {[%clk 0:54:16]} Ba5
{[%clk 0:35:58]} 22. Bd5 {[%clk 0:49:05]} Rab8 {[%clk 0:34:25]} 23. Rb3
{[%clk 0:44:16]} Rxb3 {[%clk 0:34:20]} 24. cxb3 {[%clk 0:44:36]} Rc8
{[%clk 0:34:20]} 25. b4 {[%clk 0:40:34]} Bxd5 {[%clk 0:31:59]} 26. Nxd5
{[%clk 0:40:53]} Bd8 {[%clk 0:32:17]} 27. Rd1 {[%clk 0:35:16]} Rc4
{[%clk 0:31:09]} 28. f3 {[%clk 0:34:02]} Rc2 {[%clk 0:30:58]} 29. Rd3
{[%clk 0:32:22]} Ra2 {[%clk 0:31:01]} 30. Rc3 {[%clk 0:30:46]} Kf8
{[%clk 0:29:22]} 31. Rc6 {[%clk 0:22:22]} Rxa3 {[%clk 0:20:16]} 32. Rxd6
{[%clk 0:22:43]} Ke8 {[%clk 0:19:52]} 33. Nxf6+ {[%clk 0:21:26]} Bxf6
{[%clk 0:16:45]} 34. Rxf6 {[%clk 0:21:53]} Ke7 {[%clk 0:17:00]} 35. Rh6
{[%clk 0:22:07]} Ra4 {[%clk 0:17:01]} 36. Kf2 {[%clk 0:20:53]} Kf8
{[%clk 0:17:04]} 37. Kg3 {[%clk 0:20:21]} Kg7 {[%clk 0:16:46]} 38. Rb6
{[%clk 0:20:38]} f6 {[%clk 0:16:56]} 39. Kg4 {[%clk 0:19:59]} Kg6
{[%clk 0:15:15]} 40. h4 {[%clk 0:17:30]} h5+ {[%clk 0:15:07]} 41. Kh3
{[%clk 0:17:18]} Ra3 {[%clk 0:14:47]} 42. Kh2 {[%clk 0:17:02]} Ra2
{[%clk 0:15:01]} 43. b5 {[%clk 0:16:25]} axb5 {[%clk 0:15:20]} 44. Rxb5
{[%clk 0:16:53]} Rc2 {[%clk 0:15:10]} 45. Rb3 {[%clk 0:16:46]} Rc6
{[%clk 0:12:39]} 46. g4 {[%clk 0:15:28]} hxg4 {[%clk 0:12:59]} 47. fxg4
{[%clk 0:15:53]} Rc1 {[%clk 0:12:53]} 48. Rb6 {[%clk 0:13:15]} Rc4
{[%clk 0:11:56]} 49. Kg3 {[%clk 0:13:11]} Rxe4 {[%clk 0:11:33]} 50. g5
{[%clk 0:13:25]} Rf4 {[%clk 0:10:30]} 51. Rxf6+ {[%clk 0:13:45]} Rxf6
{[%clk 0:10:56]} 52. gxf6 {[%clk 0:14:13]} Kxf6 {[%clk 0:11:20]} 53. Kf3
{[%clk 0:14:40]} Kg6 {[%clk 0:11:42]} 54. Ke4 1/2-1/2

[Event "PervenstvoRT2015"]
[Site "?"]
[Date "2015.08.22"]
[Round "3.4"]
[White "Bulat, Nizamov"]
[Black "Albert, Suleimanov"]
[Result "1-0"]
[LiveChessVersion "1.4.6"]
[BlackElo "1930"]
[WhiteElo "2117"]

1. d4 {[%clk 1:25:12]} Nf6 {[%clk 1:30:54]} 2. c4 {[%clk 1:25:38]} e6
{[%clk 1:31:19]} 3. Nc3 {[%clk 1:26:04]} Bb4 {[%clk 1:31:43]} 4. Qc2
{[%clk 1:26:29]} O-O {[%clk 1:32:01]} 5. e4 {[%clk 1:26:16]} d5 {[%clk 1:32:23]}
6. e5 {[%clk 1:26:29]} Ne4 {[%clk 1:32:47]} 7. Bd3 {[%clk 1:26:28]} c5
{[%clk 1:33:11]} 8. Nf3 {[%clk 1:26:35]} Nc6 {[%clk 1:31:38]} 9. O-O
{[%clk 1:26:47]} Nxd4 {[%clk 1:23:53]} 10. Nxd4 {[%clk 1:26:35]} cxd4
{[%clk 1:24:12]} 11. Nxe4 {[%clk 1:26:59]} dxe4 {[%clk 1:24:26]} 12. Bxe4
{[%clk 1:27:24]} Qc7 {[%clk 1:19:52]} 13. a3 {[%clk 1:19:42]} Be7
{[%clk 1:20:12]} 14. Bxh7+ {[%clk 1:19:56]} Kh8 {[%clk 1:20:31]} 15. Qd3
{[%clk 1:20:17]} g5 {[%clk 1:13:54]} 16. Be4 {[%clk 1:14:17]} f5 {[%clk 1:12:02]}
17. exf6 {[%clk 1:12:38]} Bxf6 {[%clk 1:12:28]} 18. f4 {[%clk 1:05:05]} gxf4
{[%clk 1:10:18]} 19. Qh3+ {[%clk 1:04:36]} Kg8 {[%clk 1:10:28]} 20. Bxf4
{[%clk 1:04:56]} Qe7 {[%clk 1:05:05]} 21. Bd6 {[%clk 1:04:11]} Qg7
{[%clk 1:04:19]} 22. Bxf8 {[%clk 1:04:27]} Kxf8 {[%clk 1:04:43]} 23. Rxf6+
{[%clk 1:04:39]} Qxf6 {[%clk 1:04:49]} 24. Rf1 {[%clk 1:05:01]} Qxf1+
{[%clk 1:04:24]} 25. Kxf1 {[%clk 1:05:27]} Ke7 {[%clk 1:04:37]} 26. Qh4+
{[%clk 1:05:35]} Kd6 {[%clk 1:04:53]} 27. Qd8+ {[%clk 1:05:47]} Ke5
{[%clk 1:05:11]} 28. Bf3 {[%clk 1:06:09]} d3 {[%clk 1:05:01]} 29. Qxd3
{[%clk 1:06:28]} 1-0